[Event "Groningen Harmonie Mini op-D"]
[Site "Groningen"]
[Date "2002.12.27"]
[Round "2.5"]
[White "Steenbergen, Ruud"]
[Black "Schlunke, Jorg"]
[Result "0-1"]
[WhiteElo "1417"]
[BlackElo "1460"]
[PlyCount "94"]
[EventDate "2002.12.26"]
[EventType "swiss"]
[EventRounds "5"]
[EventCountry "NED"]
[SourceTitle "EXT 2004"]
[Source "ChessBase"]
[SourceDate "2003.11.25"]
[SourceVersion "1"]
[SourceVersionDate "2003.11.25"]
[SourceQuality "1"]

1. g3 e5 2. e4 Nf6 3. Nc3 Nc6 4. Nf3 Be7 5. Bc4 d6 6. 0-0 Bg4 7. Be2 Qd7 8. Ng5 Bxe2 9. Qxe2 Nd4 10. Qc4 0-0 11. Qd3 Qg4 12. f4 c6 13. h3 Qd7 14. f5 d5 15. Nf3 dxe4 16. Nxe4 Nxf3+ 17. Qxf3 Qd4+ 18. Nf2 Bc5 19. c3 Qd6 20. d3 Rfe8 21. Be3 e4 22. Bxc5 Qxc5 23. dxe4 Rxe4 24. Rae1 Rae8 25. Rxe4 Rxe4 26. Kh2 Re3 27. Qf4 Qe5 28. Qxe5 Rxe5 29. g4 Re2 30. Kg3 Rxb2 31. Rd1 Kf8 32. g5 Nd5 33. c4 Ne3 34. Rd8+ Ke7 35. f6+ gxf6 36. Rh8 fxg5 37. Rxh7 Nxc4 38. Ne4 Rb1 39. Nxg5 Rg1+ 40. Kh4 Rf1 41. Kh5 Ne5 42. Kh6 c5 43. Kg7 c4 44. Rh8 Rf6 45. Re8+ Kxe8 46. Kxf6 Nd7+ 47. Kf5 c3 0-1